| 000 | 00774nam a2200229Ia 4500 | ||
|---|---|---|---|
| 001 | 17033 | ||
| 003 | GE_BSU | ||
| 008 | 181216s||||||||xx |||||||||||||| ||und|| | ||
| 040 | _cGE_BSU | ||
| 080 | _a82-93:821.161.1-32 | ||
| 100 | _aმედვედევი, ვ. | ||
| 245 | _aდიმა კოლჩანოვის თავგადასავალი | ||
| 245 | _bმოთხრობები | ||
| 245 | _cთარგმნა ჯენეტ ბაჯელიძემ | ||
| 260 | _aთბილისი | ||
| 260 | _bნაკადული | ||
| 260 | _c1988 | ||
| 300 | _a252 გვ. : ილ. ; 20 სმ | ||
| 541 | _h20თ. | ||
| 653 | _aდიმა კოლჩანოვის თავგადასავალი | ||
| 942 | _cBK | ||
| 999 |
_c50095 _d50095 |
||